Spolupráca škôl a Policajného zboru v realizácii preventívnych programov proti nežiaducim javom u žiakov základných škôl = Co-operation between schools and the Police Forces in the implementation of preventive programs against undesirable phenomena for primary school pupils - the content evaluation of preventive project "Behave Normally" : Diplomová práca

Gespeichert in:
Bibliographische Detailangaben
1. Verfasser: Jánoš, Vladimír (Verfasst von)
Weitere Verfasser: Varela Cano, Diana Patricia, 1- (xxx)
Format: Manuskript Buch
Sprache:Slowakisch
Veröffentlicht: Trnava : STU v Bratislave MTF UIPH, 2009
Tags: Tag hinzufügen
Keine Tags, Fügen Sie das erste Tag hinzu!

MARC

LEADER 00000ntm a22000003a 4500
001 stu198455
005 20160719160025.4
008 100118s2009----xo------------------slo-d
040 |a STU  |b slo 
041 0 |a slo 
044 |a xo 
100 1 |a Jánoš, Vladimír  |4 aut 
245 1 |a Spolupráca škôl a Policajného zboru v realizácii preventívnych programov proti nežiaducim javom u žiakov základných škôl = Co-operation between schools and the Police Forces in the implementation of preventive programs against undesirable phenomena for primary school pupils - the content evaluation of preventive project "Behave Normally" :  |b Diplomová práca 
260 |a Trnava :  |b STU v Bratislave MTF UIPH,  |c 2009 
300 |a 79 s  |c príl., 1 CD-ROM 
500 |a Študijný program: učiteľstvo technických profesijných predmetov 
500 |a Študijný odbor: 1.1.2 učiteľstvo profesijných predmetov a praktickej prípravy 
700 1 |a Varela Cano, Diana Patricia,  |d 1-  |4 xxx  |X 61777  |7 A000061777 
996 |b 284M072154  |c M*DP-8613  |l MMSKP  |s P  |a 0  |w stu198455_0001